000 004520000a22001570004500
003 MACL
005 20180316150033.0
008 180316b xxu||||| |||| 00| 0 eng d
040 _cMACL
100 _aप्रभाकर माचवे
_971394
245 _aसादुल्‍ला की खरी खरी
260 _bमाचवे
_c1992
350 _a45
650 _aसाहित्‍य
_971396
942 _cHIN
_k800/MAC/L
_2ddc
999 _c20480
_d20480